ARRUPE JESUIT UNIVERSITY

CORONAVIRUS -STOP THE SPREAD - CLEAN,DISINFECT,COVER

Critique of the power of judgment / (Record no. 119469)

MARC details
000 -LEADER
fixed length control field 01725cam a2200385 a 4500
001 - CONTROL NUMBER
control field 11856549
003 - CONTROL NUMBER IDENTIFIER
control field ARRUPE
005 - DATE AND TIME OF LATEST TRANSACTION
control field 20141031020006.0
008 - FIXED-LENGTH DATA ELEMENTS--GENERAL INFORMATION
fixed length control field 991206s2000 enk b 001 0 eng
010 ## - LIBRARY OF CONGRESS CONTROL NUMBER
LC control number 99088501
020 ## - INTERNATIONAL STANDARD BOOK NUMBER
International Standard Book Number 0521344476
040 ## - CATALOGING SOURCE
Original cataloging agency DLC
Transcribing agency DLC
Modifying agency DLC
041 1# - LANGUAGE CODE
Language code of text/sound track or separate title eng
Language code of original and/or intermediate translations of text ger
050 00 - LIBRARY OF CONGRESS CALL NUMBER
Classification number B2783.E5
Item number G89 2000
082 00 - DEWEY DECIMAL CLASSIFICATION NUMBER
Classification number 121
Edition number 21
300 ## - PHYSICAL DESCRIPTION
Dimensions 23 cm.
100 1# - MAIN ENTRY--PERSONAL NAME
Personal name Kant, Immanuel,
Dates associated with a name 1724-1804.
9 (RLIN) 6402
240 10 - UNIFORM TITLE
Uniform title <a href="Kritik der Urteilskraft.">Kritik der Urteilskraft.</a>
Language of a work English
245 10 - TITLE STATEMENT
Title Critique of the power of judgment /
Statement of responsibility, etc edited by Paul Guyer; translated by Paul Guyer, Eric Matthews.
260 ## - PUBLICATION, DISTRIBUTION, ETC. (IMPRINT)
Place of publication, distribution, etc Cambridge, UK ;
-- New York :
Name of publisher, distributor, etc Cambridge University Press,
Date of publication, distribution, etc 2000.
300 ## - PHYSICAL DESCRIPTION
Extent lii, 423 p. ;
490 1# - SERIES STATEMENT
Series statement The Cambridge edition of the works of Immanuel Kant
504 ## - BIBLIOGRAPHY, ETC. NOTE
Bibliography, etc Includes bibliographical references (p. xlix-lii) and index.
650 #0 - SUBJECT ADDED ENTRY--TOPICAL TERM
Topical term or geographic name as entry element Judgment (Logic)
Form subdivision Early works to 1800.
9 (RLIN) 6403
650 #0 - SUBJECT ADDED ENTRY--TOPICAL TERM
Topical term or geographic name as entry element Judgment (Aesthetics)
Form subdivision Early works to 1800.
9 (RLIN) 6404
650 #0 - SUBJECT ADDED ENTRY--TOPICAL TERM
Topical term or geographic name as entry element Aesthetics
Form subdivision Early works to 1800.
9 (RLIN) 6405
650 #0 - SUBJECT ADDED ENTRY--TOPICAL TERM
Topical term or geographic name as entry element Teleology
Form subdivision Early works to 1800.
9 (RLIN) 6406
700 1# - ADDED ENTRY--PERSONAL NAME
Personal name Guyer, Paul,
Dates associated with a name 1948-
9 (RLIN) 6407
800 1# - SERIES ADDED ENTRY--PERSONAL NAME
Personal name Kant, Immanuel,
Dates associated with a name 1724-1804.
Title of a work Works.
Language of a work English.
Date of a work 1992.
9 (RLIN) 6408
856 41 - ELECTRONIC LOCATION AND ACCESS
Materials specified Sample text
Uniform Resource Identifier <a href="http://www.loc.gov/catdir/samples/cam032/99088501.html">http://www.loc.gov/catdir/samples/cam032/99088501.html</a>
856 42 - ELECTRONIC LOCATION AND ACCESS
Materials specified Publisher description
Uniform Resource Identifier <a href="http://www.loc.gov/catdir/description/cam0210/99088501.html">http://www.loc.gov/catdir/description/cam0210/99088501.html</a>
856 41 - ELECTRONIC LOCATION AND ACCESS
Materials specified Table of contents
Uniform Resource Identifier <a href="http://www.loc.gov/catdir/toc/cam025/99088501.html">http://www.loc.gov/catdir/toc/cam025/99088501.html</a>
906 ## - LOCAL DATA ELEMENT F, LDF (RLIN)
a 7
b cbc
c orignew
d 1
e ocip
f 19
g y-gencatlg
942 ## - ADDED ENTRY ELEMENTS (KOHA)
Source of classification or shelving scheme Library of Congress Classification
Koha item type Monograph ( Printed materials)
Koha issues (borrowed), all copies 3
Holdings
Withdrawn status Lost status Source of classification or shelving scheme Damaged status Not for loan Home library Current library Shelving location Date acquired Total Checkouts Full call number Barcode Date last seen Date checked out Price effective from Koha item type
    Library of Congress Classification     ARRUPE LIBRARY ARRUPE LIBRARY Main Collection 20/12/2013 6 B2783.E5 G89 2000 464122429 17/11/2015 03/11/2015 20/12/2013 Monograph ( Printed materials)

 

Arrupe Library. PO Box MP320 Mt Pleasant, Harare, Zimbabwe
263 242 745411|librarian@aju.ac.zw